Catalog

Record Details

Catalog Search



Birds of North America / Kenn Kaufman ; with the ... Read More

Kaufman, Kenn.(Author).

Available copies

  • 1 of 1 copy available at LARL/NWRL Consortium.

Current holds

0 current holds with 1 total copy.

Show Only Available Copies
Location Call Number / Copy Notes Barcode Shelving Location Status Due Date
Godel Memorial-Warren Library 598.097 KAU (Text) 35500002923637 Main Available -

Record details

  • ISBN: 0395964644 (pbk.)
  • ISBN: 0618073248 (hc)
  • Physical Description: 383 p. : ill. ; 19 cm.
  • Publisher: Boston : Houghton Mifflin, 2000.
Subject: Birds > North America > Identification.
Birds > North America > Pictorial works.
LDR 01102cam a2200289Ia 4500
00130880
003LARL_NWRL_CONSORTIUM
00520000626083805.0
008000620s2000 mau 001 0 eng
020 . ‡a0395964644 (pbk.)
020 . ‡a0618073248 (hc)
035 . ‡a(OCoLC)44493391
03500. ‡ilcmarc/AYV-4380/KRLTECH2
08200. ‡a598/.097 ‡221
092 . ‡a598 ‡bKau
1001 . ‡aKaufman, Kenn. ‡0(LARL_NWRL_CONSORTIUM)98023
24510. ‡aBirds of North America / ‡cKenn Kaufman ; with the collaboration of Rick and Nora Bowers and Lynn Hassler Kaufman.
260 . ‡aBoston : ‡bHoughton Mifflin, ‡c2000.
300 . ‡a383 p. : ‡bill. ; ‡c19 cm.
4900 . ‡aKaufman focus guides
650 0. ‡aBirds ‡zNorth America ‡xIdentification.
650 0. ‡aBirds ‡zNorth America ‡vPictorial works. ‡0(LARL_NWRL_CONSORTIUM)170990
901 . ‡a30880 ‡bOCLC ‡c30880 ‡tbiblio

Additional Resources